| 000 | 01392cam a22003131i 4500 | ||
|---|---|---|---|
| 003 | SA-RiAUC | ||
| 005 | 20241202130513.0 | ||
| 008 | 241128s1987 ua g b 00010 ara c | ||
| 040 |
_aSA-MaUQU _bara _cSA-RiAUC _erda |
||
| 082 | 0 | 4 |
_a255 _qSA-RiAUC |
| 090 |
_a255 _bب ه ن |
||
| 100 | 1 |
_aبهنسي، أحمد فتحي _eمؤلف. |
|
| 245 | 1 | 0 |
_aشرح وتعليق على رسالة المرحوم الشيخ محمود شلتوت في المسئولية الجنائية / _cأحمد فتحي بهنسي. |
| 250 | _aالطبعة الأولى. | ||
| 264 | 1 |
_aالقاهرة : _bمؤسسة الخليج العربي، _c1987 |
|
| 300 |
_a219 صفحة ؛ _c24 سم |
||
| 336 |
_aنص _btxt _2rdacontent _3كتاب |
||
| 337 |
_aبدون وسيط _bn _2rdamedia |
||
| 338 |
_aمجلد _bnc _2rdacarrier |
||
| 504 | _aيشتمل على إرجاعات ببليوجرافية. | ||
| 650 | 7 |
_aالمسئولية الجنائية (فقه إسلامي) _2aucsh |
|
| 650 | 7 |
_aالمسئولية المدنية (فقه إسلامي) _2aucsh |
|
| 650 | 7 |
_aالجنايات (فقه إسلامي) _2aucsh |
|
| 650 | 7 |
_aالعقوبات (فقه إسلامي) _2aucsh |
|
| 700 | 1 | 2 |
_aشلتوت، محمود، _d1893-1963 |
| 740 | 2 | 2 | _aالمسؤولية المدنية والجنائية في الشريعة الإسلامية. |
| 942 |
_2ddc _cBOOK _n0 |
||
| 949 |
_aSA-JeALM _d241128 _uosman123 _n1 |
||
| 999 |
_c2919 _d2919 |
||